000 01081nam a22002297a 4500
003 OSt
005 20251127120752.0
008 251127b |||||||| |||| 00| 0 eng d
040 _cNolita
041 _aPortuguês
100 1 _aMoura, Marcia
_91658
245 _aA cozinha afrodisíaca /
_cMarcia Moura
260 _aRio de Janeiro :
_bIrradiação Cultural,
_c1989
300 _a170 p. :
_bil. ;
_c19 cm
500 _aInformação retirada da capa: "Receitas testadas e aprovadas pela autora e seus amigos. Fácil, gostosa, leve, engraçada, excitante e entendida por todos. Do Mobral ao Yuppie." Inclui índice.
520 _aAborda receitas, ingredientes e tradições culinárias associadas aos chamados alimentos afrodisíacos. A obra combina explicações sobre simbolismos, crenças populares e usos culturais dos ingredientes com receitas práticas que exploram sabores e apresentações voltadas ao prazer e à sensualidade.
650 0 _aGastronomia
_97
650 0 _aAfrodisíacos
_91636
650 0 _aCulinária
_98
650 0 _aReceitas
_912
942 _2ddc
_cBK
_n0
999 _c1019
_d1019